LEADER 01275nam0 2200361 i 450 001 CFI0211593 005 20231121125447.0 010 $a8884020859 020 $aIT$b93-794 100 $a20151016d1992 ||||0itac50 ba 101 | $aita$cswe 102 $ait 181 1$6z01$ai $bxxxe 182 1$6z01$an 200 1 $aSolo$fAugust Strindberg$ga cura di Andrea Petricca 210 $aRoma$cSalerno$dstampa 1992 215 $a163 p.$d17 cm. 225 | $aMinima$v26 410 0$1001BVE0020382$12001 $aMinima$v26 500 10$aEnsam$3CFI0045477$9CFIV001233$920759 676 $a839.7372$9NARRATIVA SVEDESE. 1900-1945$v21 700 1$aStrindberg$b, August$3CFIV001233$4070$0126055 702 1$aPetricca$b, Andrea$3CFIV118251 790 1$aStrindberg$b, Johan August$3CFIV054773$zStrindberg, August 790 1$aStrindberg$b, Augusto$3CFIV332940$zStrindberg, August 801 3$aIT$bIT-01$c20151016 850 $aIT-FR0017 899 $aBiblioteca umanistica Giorgio Aprea$bFR0017 912 $aCFI0211593 950 0$aBiblioteca umanistica Giorgio Aprea$d 52MAG 1 COLL F 26$e 52FLS0000264145 VMB RS $fA $h20181205$i20181205 977 $a 52 996 $aEnsam$920759 997 $aUNICAS